000 00253nam a22001217a 4500
008 181207b xxu||||| |||| 00| 0 eng d
041 _aeng
080 _a510
100 _a36
101 _aMAT
245 _aElementary Topology
_cHall
942 _2udc
_cBK
999 _c53075
_d53075